[Event "European Online Club-ch-E 2021"]
[Site "Online"]
[Date "2021.03.27"]
[Round "5.19"]
[White "Tarlabasi, Emirhan"]
[Black "Apostolakakis, Konstantinos"]
[Result "1-0"]
[WhiteElo "2301"]
[BlackElo "2074"]
[Annotator "NA"]
[PlyCount "65"]
[EventDate "2021.03.27"]
[EventType "team-tourn"]
[EventCountry "NET"]
[SourceTitle "playchess.com"]
[Source "ChessBase"]
[SourceQuality "1"]
[TimeControl "900+5"]

1. d4 {[%emt 0:00:00]} Nf6 {[%emt 0:00:06]} 2. c4 {[%emt 0:00:04]} e6 {[%emt 0:00:08]} 3. Nf3 {[%emt 0:00:02]} Bb4+ {[%emt 0:00:09]} 4. Nc3 {[%emt 0:00:21]} d5 {[%emt 0:02:04]} 5. Qa4+ {[%emt 0:01:03]} Nc6 {[%emt 0:00:05]} 6. e3 {[%emt 0:00:16]} O-O {[%emt 0:00:08]} 7. Bd2 {[%emt 0:00:32]} Re8 {[%emt 0:00:44]} 8. Be2 {[%emt 0:01:17]} a6 {[%emt 0:01:05]} 9. a3 {[%emt 0:01:37]} Bxc3 {[%emt 0:00:27]} 10. Bxc3 {[%emt 0:00:13]} Ne4 {[%emt 0:00:05]} 11. O-O {[%emt 0:00:22]} Nxc3 {[%emt 0:02:15]} 12. bxc3 {[%emt 0:00:04]} Qf6 {[%emt 0:00:10]} 13. Rab1 {[%emt 0:01:09]} Rd8 {[%emt 0:03:00]} 14. Rfd1 {[%emt 0:00:48]} Rb8 {[%emt 0:00:17]} 15. Qc2 {[%emt 0:03:08]} h6 {[%emt 0:03:04]} 16. a4 {[%emt 0:00:52]} Bd7 {[%emt 0:00:28]} 17. Qa2 {[%emt 0:01:23]} Bc8 {[%emt 0:00:20]} 18. h3 {[%emt 0:01:09]} g5 {[%emt 0:00:30]} 19. Nh2 {[%emt 0:00:38]} Qg6 {[%emt 0:00:24]} 20. Bf3 {[%emt 0:00:07]} Ne7 {[%emt 0:00:12]} 21. Qe2 {[%emt 0:00:14]} c6 {[%emt 0:00:07]} 22. e4 {[%emt 0:00:16]} dxe4 {[%emt 0:00:14]} 23. Bxe4 {[%emt 0:00:03]} f5 {[%emt 0:00:02]} 24. Bc2 {[%emt 0:00:10]} Re8 {[%emt 0:00:15]} 25. Qe5 {[%emt 0:00:41]} Bd7 {[%emt 0:00:11]} 26. Ng4 {[%emt 0:00:10]} Rf8 {[%emt 0:00:09]} 27. Qd6 {[%emt 0:00:11]} Qe8 {[%emt 0:00:09]} 28. Ne5 {[%emt 0:00:06]} Rd8 {[%emt 0:00:04]} 29. Rxb7 {[%emt 0:00:13]} Nc8 {[%emt 0:00:14]} 30. Qc7 {[%emt 0:00:12]} Rf6 {[%emt 0:00:17]} 31. c5 {[%emt 0:00:04]} Rf8 {[%emt 0:00:07]} 32. Nxd7 {[%emt 0:00:03]} Rf7 {[%emt 0:00:02]} 33. Nf6+ {[%emt 0:00:02]} 1-0

[Event "European Online Club-ch-E 2021"]
[Site "Online"]
[Date "2021.03.27"]
[Round "5.20"]
[White "Zisiadis, Dimitrios"]
[Black "Dolgun, Can"]
[Result "0-1"]
[WhiteElo "2042"]
[BlackElo "2133"]
[Annotator "NA"]
[PlyCount "136"]
[EventDate "2021.03.27"]
[EventType "team-tourn"]
[EventCountry "NET"]
[SourceTitle "playchess.com"]
[Source "ChessBase"]
[SourceQuality "1"]
[TimeControl "900+5"]

1. d4 {[%emt 0:00:00]} Nf6 {[%emt 0:00:02]} 2. Nf3 {[%emt 0:00:09]} g6 {[%emt 0:00:03]} 3. Bg5 {[%emt 0:00:08]} Bg7 {[%emt 0:00:02]} 4. Nbd2 {[%emt 0:00:04]} d5 {[%emt 0:00:06]} 5. c3 {[%emt 0:00:12]} O-O {[%emt 0:00:24]} 6. e3 {[%emt 0:00:04]} c5 {[%emt 0:00:29]} 7. Be2 {[%emt 0:00:13]} Nc6 {[%emt 0:00:25]} 8. O-O {[%emt 0:00:17]} Bf5 {[%emt 0:00:42]} 9. dxc5 {[%emt 0:01:56]} e5 {[%emt 0:01:18]} 10. Qa4 {[%emt 0:02:27]} h6 {[%emt 0:01:47]} 11. Bh4 {[%emt 0:00:21]} g5 {[%emt 0:02:03]} 12. Bg3 {[%emt 0:00:21]} Qe8 {[%emt 0:00:54]} 13. b4 {[%emt 0:02:01]} Nd4 {[%emt 0:02:06]} 14. Qd1 {[%emt 0:00:55]} Bc2 {[%emt 0:00:36]} 15. Qe1 {[%emt 0:00:15]} Nxe2+ {[%emt 0:00:09]} 16. Qxe2 {[%emt 0:00:05]} e4 {[%emt 0:00:02]} 17. Ne1 {[%emt 0:02:00]} Ba4 {[%emt 0:00:11]} 18. Bd6 {[%emt 0:01:14]} Bb5 {[%emt 0:00:05]} 19. Qd1 {[%emt 0:00:52]} Bxf1 {[%emt 0:00:41]} 20. Nxf1 {[%emt 0:00:17]} a5 {[%emt 0:01:47]} 21. Bxf8 {[%emt 0:00:48]} Kxf8 {[%emt 0:00:12]} 22. a3 {[%emt 0:00:54]} Qe5 {[%emt 0:00:14]} 23. Rc1 {[%emt 0:00:26]} Ne8 {[%emt 0:00:34]} 24. Qb3 {[%emt 0:00:18]} axb4 {[%emt 0:00:13]} 25. axb4 {[%emt 0:00:13]} Nc7 {[%emt 0:00:06]} 26. c4 {[%emt 0:00:14]} dxc4 {[%emt 0:00:08]} 27. Qxc4 {[%emt 0:00:03]} Nd5 {[%emt 0:00:32]} 28. Nc2 {[%emt 0:00:14]} Qb2 {[%emt 0:00:26]} 29. Nd4 {[%emt 0:00:12]} Nxb4 {[%emt 0:00:06]} 30. Re1 {[%emt 0:00:08]} Nd3 {[%emt 0:00:04]} 31. Re2 {[%emt 0:00:03]} Qb4 {[%emt 0:00:06]} 32. Qxb4 {[%emt 0:00:06]} Nxb4 {[%emt 0:00:02]} 33. g4 {[%emt 0:00:03]} Nd3 {[%emt 0:00:05]} 34. Rc2 {[%emt 0:00:06]} Rc8 {[%emt 0:00:05]} 35. Ng3 {[%emt 0:00:05]} Rxc5 {[%emt 0:00:04]} 36. Rxc5 {[%emt 0:00:08]} Nxc5 {[%emt 0:00:02]} 37. Ndf5 {[%emt 0:00:02]} b5 {[%emt 0:00:04]} 38. Nd6 {[%emt 0:00:03]} b4 {[%emt 0:00:08]} 39. Ngxe4 {[%emt 0:00:02]} b3 {[%emt 0:00:09]} 40. Nd2 {[%emt 0:00:07]} Bc3 {[%emt 0:00:09]} 41. Nb1 {[%emt 0:00:04]} Bb4 {[%emt 0:00:09]} 42. Nc4 {[%emt 0:00:02]} Ke7 {[%emt 0:00:12]} 43. Kf1 {[%emt 0:00:02]} Ke6 {[%emt 0:00:04]} 44. Ke2 {[%emt 0:00:08]} Kd5 {[%emt 0:00:02]} 45. Nb6+ {[%emt 0:00:05]} Kc6 {[%emt 0:00:06]} 46. Nc4 {[%emt 0:00:02]} Kb5 {[%emt 0:00:02]} 47. Nb2 {[%emt 0:00:04]} Ne4 {[%emt 0:00:25]} 48. f4 {[%emt 0:00:19]} Nc3+ {[%emt 0:00:07]} 49. Nxc3+ {[%emt 0:00:02]} Bxc3 {[%emt 0:00:01]} 50. Nd3 {[%emt 0:00:02]} b2 {[%emt 0:00:05]} 51. Nxb2 {[%emt 0:00:02]} Bxb2 {[%emt 0:00:01]} 52. fxg5 {[%emt 0:00:01]} hxg5 {[%emt 0:00:02]} 53. Kd3 {[%emt 0:00:01]} Kc5 {[%emt 0:00:14]} 54. Ke4 {[%emt 0:00:02]} Kd6 {[%emt 0:00:03]} 55. Kf5 {[%emt 0:00:02]} f6 {[%emt 0:00:04]} 56. e4 {[%emt 0:00:03]} Be5 {[%emt 0:00:05]} 57. h3 {[%emt 0:00:01]} Ke7 {[%emt 0:00:04]} 58. Kg6 {[%emt 0:00:02]} Ke6 {[%emt 0:00:03]} 59. Kh5 {[%emt 0:00:01]} Bg3 {[%emt 0:00:01]} 60. Kg6 {[%emt 0:00:01]} Ke5 {[%emt 0:00:02]} 61. Kg7 {[%emt 0:00:02]} Bh4 {[%emt 0:00:03]} 62. Kg6 {[%emt 0:00:04]} Kxe4 {[%emt 0:00:11]} 63. Kxf6 {[%emt 0:00:02]} Kf4 {[%emt 0:00:03]} 64. Ke6 {[%emt 0:00:04]} Kg3 {[%emt 0:00:03]} 65. Ke5 {[%emt 0:00:03]} Kxh3 {[%emt 0:00:04]} 66. Kf5 {[%emt 0:00:02]} Kg3 {[%emt 0:00:03]} 67. Ke4 {[%emt 0:00:01]} Kxg4 {[%emt 0:00:01]} 68. Ke3 {[%emt 0:00:01]} Kg3 {[%emt 0:00:02]} 0-1

[Event "European Online Club-ch-E 2021"]
[Site "Online"]
[Date "2021.03.27"]
[Round "6.1"]
[White "Helie, Marc"]
[Black "Stefanou, Dimitrios"]
[Result "1/2-1/2"]
[WhiteElo "2083"]
[BlackElo "2099"]
[Annotator "NA"]
[PlyCount "36"]
[EventDate "2021.03.27"]
[EventType "team-tourn"]
[EventCountry "NET"]
[SourceTitle "playchess.com"]
[Source "ChessBase"]
[SourceQuality "1"]
[TimeControl "900+5"]

1. d4 {[%emt 0:00:00]} Nf6 {[%emt 0:00:04]} 2. c4 {[%emt 0:00:06]} e6 {[%emt 0:00:05]} 3. Nc3 {[%emt 0:00:06]} c5 {[%emt 0:00:23]} 4. d5 {[%emt 0:00:10]} exd5 {[%emt 0:00:03]} 5. cxd5 {[%emt 0:00:03]} d6 {[%emt 0:00:03]} 6. g3 {[%emt 0:00:11]} g6 {[%emt 0:00:04]} 7. Bg2 {[%emt 0:00:10]} Bg7 {[%emt 0:00:03]} 8. Nf3 {[%emt 0:00:07]} O-O {[%emt 0:00:04]} 9. O-O {[%emt 0:00:05]} Re8 {[%emt 0:00:03]} 10. Nd2 {[%emt 0:00:07]} a6 {[%emt 0:00:20]} 11. a4 {[%emt 0:00:07]} Nbd7 {[%emt 0:00:40]} 12. Nc4 {[%emt 0:00:15]} Nb6 {[%emt 0:01:25]} 13. Na3 {[%emt 0:00:41]} Nbd7 {[%emt 0:00:37]} 14. h3 {[%emt 0:00:22]} Qc7 {[%emt 0:02:36]} 15. Nc4 {[%emt 0:04:11]} Ne5 {[%emt 0:00:42]} 16. Na3 {[%emt 0:01:20]} Ned7 {[%emt 0:00:49]} 17. Nc4 {[%emt 0:00:13]} Ne5 {[%emt 0:00:03]} 18. Na3 {[%emt 0:00:04]} Ned7 {[%emt 0:00:03]} 1/2-1/2

[Event "European Online Club-ch-E 2021"]
[Site "Online"]
[Date "2021.03.27"]
[Round "6.2"]
[White "Koutlas, Nikolaos"]
[Black "Barbini, Denis"]
[Result "1-0"]
[WhiteElo "2078"]
[BlackElo "2035"]
[Annotator "NA"]
[PlyCount "87"]
[EventDate "2021.03.27"]
[EventType "team-tourn"]
[EventCountry "NET"]
[SourceTitle "playchess.com"]
[Source "ChessBase"]
[SourceQuality "1"]
[TimeControl "900+5"]

1. e4 {[%emt 0:00:00]} d6 {[%emt 0:00:03]} 2. d4 {[%emt 0:00:04]} Nf6 {[%emt 0:00:03]} 3. Nc3 {[%emt 0:00:02]} g6 {[%emt 0:00:06]} 4. f4 {[%emt 0:00:02]} Bg7 {[%emt 0:00:06]} 5. Nf3 {[%emt 0:00:25]} c5 {[%emt 0:00:04]} 6. Bb5+ {[%emt 0:00:05]} Bd7 {[%emt 0:00:02]} 7. e5 {[%emt 0:00:06]} Ng4 {[%emt 0:00:03]} 8. Bxd7+ {[%emt 0:00:05]} Qxd7 {[%emt 0:00:20]} 9. h3 {[%emt 0:00:04]} cxd4 {[%emt 0:00:08]} 10. Qxd4 {[%emt 0:00:04]} Nh6 {[%emt 0:01:10]} 11. Qf2 {[%emt 0:00:13]} O-O {[%emt 0:01:33]} 12. O-O {[%emt 0:01:30]} dxe5 {[%emt 0:02:22]} 13. fxe5 {[%emt 0:02:05]} Nc6 {[%emt 0:00:12]} 14. Bf4 {[%emt 0:00:13]} f6 {[%emt 0:00:28]} 15. Rad1 {[%emt 0:00:43]} Qf5 {[%emt 0:00:42]} 16. Qe3 {[%emt 0:02:07]} Nf7 {[%emt 0:00:37]} 17. g4 {[%emt 0:00:54]} Qe6 {[%emt 0:00:43]} 18. exf6 {[%emt 0:00:15]} Qxe3+ {[%emt 0:00:02]} 19. Bxe3 {[%emt 0:00:00]} exf6 {[%emt 0:00:43]} 20. Rd7 {[%emt 0:00:18]} b6 {[%emt 0:00:24]} 21. Rc7 {[%emt 0:01:34]} Rac8 {[%emt 0:00:22]} 22. Rxc8 {[%emt 0:00:06]} Rxc8 {[%emt 0:00:03]} 23. Nd5 {[%emt 0:00:07]} Rd8 {[%emt 0:01:08]} 24. c4 {[%emt 0:00:11]} Nfe5 {[%emt 0:00:27]} 25. Nxe5 {[%emt 0:00:41]} Nxe5 {[%emt 0:00:02]} 26. b3 {[%emt 0:00:06]} b5 {[%emt 0:01:36]} 27. Rd1 {[%emt 0:02:02]} Rb8 {[%emt 0:01:36]} 28. Bxa7 {[%emt 0:00:57]} Ra8 {[%emt 0:00:05]} 29. cxb5 {[%emt 0:00:25]} Rxa7 {[%emt 0:00:05]} 30. b6 {[%emt 0:00:05]} Rb7 {[%emt 0:00:36]} 31. Rc1 {[%emt 0:00:47]} Rb8 {[%emt 0:01:23]} 32. Rc7 {[%emt 0:00:16]} f5 {[%emt 0:00:13]} 33. b7 {[%emt 0:00:20]} Nf3+ {[%emt 0:00:07]} 34. Kf2 {[%emt 0:00:17]} Be5 {[%emt 0:00:05]} 35. Rc8+ {[%emt 0:00:24]} Kf7 {[%emt 0:00:01]} 36. Rxb8 {[%emt 0:00:01]} Bxb8 {[%emt 0:00:04]} 37. Kxf3 {[%emt 0:00:01]} fxg4+ {[%emt 0:00:06]} 38. hxg4 {[%emt 0:00:04]} Ke6 {[%emt 0:00:01]} 39. Nb4 {[%emt 0:00:01]} Kd6 {[%emt 0:00:08]} 40. Na6 {[%emt 0:00:02]} Ba7 {[%emt 0:00:07]} 41. b8=Q+ {[%emt 0:00:02]} Bxb8 {[%emt 0:00:01]} 42. Nxb8 {[%emt 0:00:00]} Kc5 {[%emt 0:00:02]} 43. g5 {[%emt 0:00:03]} Kb4 {[%emt 0:00:02]} 44. Nc6+ {[%emt 0:00:01]} 1-0

[Event "European Online Club-ch-E 2021"]
[Site "Online"]
[Date "2021.03.27"]
[Round "6.3"]
[White "Thereze, Ludovic"]
[Black "Apostolakakis, Konstantinos"]
[Result "0-1"]
[WhiteElo "2007"]
[BlackElo "2074"]
[Annotator "NA"]
[PlyCount "32"]
[EventDate "2021.03.27"]
[EventType "team-tourn"]
[EventCountry "NET"]
[SourceTitle "playchess.com"]
[Source "ChessBase"]
[SourceQuality "1"]
[TimeControl "900+5"]

1. d4 {[%emt 0:00:00]} Nf6 {[%emt 0:00:04]} 2. c4 {[%emt 0:00:04]} e6 {[%emt 0:00:02]} 3. Nc3 {[%emt 0:00:03]} Bb4 {[%emt 0:00:03]} 4. Bd2 {[%emt 0:00:03]} O-O {[%emt 0:00:11]} 5. g3 {[%emt 0:00:04]} d5 {[%emt 0:00:11]} 6. Bg2 {[%emt 0:00:04]} dxc4 {[%emt 0:00:30]} 7. Qa4 {[%emt 0:00:23]} c5 {[%emt 0:00:56]} 8. dxc5 {[%emt 0:00:38]} Bxc5 {[%emt 0:00:07]} 9. Qxc4 {[%emt 0:00:13]} Bxf2+ {[%emt 0:00:36]} 10. Kxf2 {[%emt 0:00:16]} Qxd2 {[%emt 0:00:04]} 11. Nf3 {[%emt 0:00:28]} Qd6 {[%emt 0:00:58]} 12. Rhd1 {[%emt 0:00:52]} Qb6+ {[%emt 0:00:06]} 13. Kf1 {[%emt 0:00:03]} Nc6 {[%emt 0:00:19]} 14. Rd2 {[%emt 0:00:47]} e5 {[%emt 0:00:15]} 15. Rad1 {[%emt 0:00:31]} Ng4 {[%emt 0:00:17]} 16. Ne4 {[%emt 0:00:22]} Ne3+ {[%emt 0:00:05]} 0-1

[Event "European Online Club-ch-E 2021"]
[Site "Online"]
[Date "2021.03.27"]
[Round "6.4"]
[White "Zisiadis, Dimitrios"]
[Black "Marchadour, Emilie"]
[Result "1-0"]
[WhiteElo "2042"]
[BlackElo "2006"]
[Annotator "NA"]
[PlyCount "105"]
[EventDate "2021.03.27"]
[EventType "team-tourn"]
[EventCountry "NET"]
[SourceTitle "playchess.com"]
[Source "ChessBase"]
[SourceQuality "1"]
[TimeControl "900+5"]

1. d4 {[%emt 0:00:00]} Nf6 {[%emt 0:00:05]} 2. c4 {[%emt 0:00:02]} c5 {[%emt 0:00:03]} 3. d5 {[%emt 0:00:06]} b5 {[%emt 0:00:05]} 4. f3 {[%emt 0:00:24]} bxc4 {[%emt 0:00:14]} 5. e4 {[%emt 0:00:02]} d6 {[%emt 0:00:03]} 6. Bxc4 {[%emt 0:00:11]} g6 {[%emt 0:00:02]} 7. Nc3 {[%emt 0:00:02]} Bg7 {[%emt 0:00:04]} 8. Nge2 {[%emt 0:00:02]} O-O {[%emt 0:00:02]} 9. O-O {[%emt 0:00:02]} Ba6 {[%emt 0:00:11]} 10. Bd3 {[%emt 0:01:19]} Qb6 {[%emt 0:00:58]} 11. Kh1 {[%emt 0:00:07]} Nbd7 {[%emt 0:00:23]} 12. Rb1 {[%emt 0:00:27]} Ne5 {[%emt 0:01:11]} 13. Bxa6 {[%emt 0:00:31]} Qxa6 {[%emt 0:00:03]} 14. f4 {[%emt 0:00:04]} Nd3 {[%emt 0:00:54]} 15. Be3 {[%emt 0:00:13]} Rab8 {[%emt 0:01:11]} 16. Qd2 {[%emt 0:00:14]} Rb4 {[%emt 0:02:53]} 17. Rfd1 {[%emt 0:01:01]} c4 {[%emt 0:00:28]} 18. Nc1 {[%emt 0:03:31]} Nxb2 {[%emt 0:02:01]} 19. Rxb2 {[%emt 0:01:00]} Nxe4 {[%emt 0:00:06]} 20. Nxe4 {[%emt 0:00:05]} Rxb2 {[%emt 0:00:04]} 21. Qe1 {[%emt 0:00:04]} Rc8 {[%emt 0:00:53]} 22. Nc3 {[%emt 0:01:30]} Qa3 {[%emt 0:01:21]} 23. Bd4 {[%emt 0:00:36]} Bxd4 {[%emt 0:00:18]} 24. Rxd4 {[%emt 0:00:06]} Rc2 {[%emt 0:00:06]} 25. N1e2 {[%emt 0:00:07]} Qb2 {[%emt 0:00:34]} 26. h3 {[%emt 0:00:54]} a5 {[%emt 0:00:38]} 27. Re4 {[%emt 0:00:12]} Rc7 {[%emt 0:00:09]} 28. Qg3 {[%emt 0:00:22]} Qa1+ {[%emt 0:00:27]} 29. Kh2 {[%emt 0:00:08]} Qf1 {[%emt 0:00:38]} 30. Qe3 {[%emt 0:00:24]} Kf8 {[%emt 0:00:03]} 31. Qd4 {[%emt 0:00:49]} f6 {[%emt 0:00:27]} 32. Qb6 {[%emt 0:00:12]} Rd7 {[%emt 0:00:25]} 33. Qxa5 {[%emt 0:01:24]} f5 {[%emt 0:00:11]} 34. Re6 {[%emt 0:00:26]} Qf2 {[%emt 0:00:27]} 35. Qa4 {[%emt 0:00:19]} Rxe2 {[%emt 0:00:07]} 36. Nxe2 {[%emt 0:00:08]} Rb7 {[%emt 0:00:04]} 37. Qa8+ {[%emt 0:00:05]} Kg7 {[%emt 0:00:03]} 38. Qxb7 {[%emt 0:00:05]} c3 {[%emt 0:00:02]} 39. Qxe7+ {[%emt 0:00:03]} Kh6 {[%emt 0:00:02]} 40. Qf8+ {[%emt 0:00:35]} Kh5 {[%emt 0:00:11]} 41. Ng3+ {[%emt 0:00:10]} Qxg3+ {[%emt 0:00:05]} 42. Kxg3 {[%emt 0:00:03]} c2 {[%emt 0:00:02]} 43. Qc8 {[%emt 0:00:14]} Kh6 {[%emt 0:00:12]} 44. Qxc2 {[%emt 0:00:09]} Kh5 {[%emt 0:00:04]} 45. Qe2+ {[%emt 0:00:03]} Kh6 {[%emt 0:00:02]} 46. Kf2 {[%emt 0:00:05]} Kg7 {[%emt 0:00:06]} 47. g4 {[%emt 0:00:09]} fxg4 {[%emt 0:00:05]} 48. hxg4 {[%emt 0:00:02]} Kh6 {[%emt 0:00:06]} 49. g5+ {[%emt 0:00:03]} Kg7 {[%emt 0:00:02]} 50. Re7+ {[%emt 0:00:01]} Kf8 {[%emt 0:00:02]} 51. Ra7 {[%emt 0:00:06]} h5 {[%emt 0:00:05]} 52. Qe7+ {[%emt 0:00:03]} Kg8 {[%emt 0:00:04]} 53. Qd8# {[%emt 0:00:02]} 1-0

[Event "European Online Club-ch-E 2021"]
[Site "Online"]
[Date "2021.03.27"]
[Round "6.5"]
[White "Ozturk Orenli, Kubra"]
[Black "Dedebas, Emre Emin"]
[Result "1/2-1/2"]
[WhiteElo "2330"]
[BlackElo "2335"]
[Annotator "NA"]
[PlyCount "61"]
[EventDate "2021.03.27"]
[EventType "team-tourn"]
[EventCountry "NET"]
[SourceTitle "playchess.com"]
[Source "ChessBase"]
[SourceQuality "1"]
[TimeControl "900+5"]

1. d4 {[%emt 0:00:00]} d5 {[%emt 0:00:02]} 2. c4 {[%emt 0:00:07]} dxc4 {[%emt 0:00:02]} 3. Nf3 {[%emt 0:00:04]} c5 {[%emt 0:00:02]} 4. e3 {[%emt 0:00:26]} cxd4 {[%emt 0:00:05]} 5. Bxc4 {[%emt 0:00:03]} Qc7 {[%emt 0:00:05]} 6. Qb3 {[%emt 0:01:30]} e6 {[%emt 0:00:04]} 7. exd4 {[%emt 0:00:12]} Nc6 {[%emt 0:00:11]} 8. O-O {[%emt 0:00:30]} a6 {[%emt 0:00:18]} 9. Be2 {[%emt 0:01:07]} Nf6 {[%emt 0:00:10]} 10. Nc3 {[%emt 0:00:03]} Be7 {[%emt 0:00:08]} 11. Bg5 {[%emt 0:00:13]} O-O {[%emt 0:00:37]} 12. Rac1 {[%emt 0:00:11]} Qa5 {[%emt 0:08:24]} 13. Rfd1 {[%emt 0:00:47]} Rd8 {[%emt 0:00:39]} 14. Bh4 {[%emt 0:00:55]} Nd5 {[%emt 0:01:29]} 15. Nxd5 {[%emt 0:00:29]} Qxd5 {[%emt 0:00:16]} 16. Qxd5 {[%emt 0:01:03]} Rxd5 {[%emt 0:00:03]} 17. Bc4 {[%emt 0:01:01]} Rd8 {[%emt 0:00:13]} 18. d5 {[%emt 0:01:42]} exd5 {[%emt 0:00:27]} 19. Bxd5 {[%emt 0:00:07]} Bxh4 {[%emt 0:00:48]} 20. Nxh4 {[%emt 0:00:04]} Be6 {[%emt 0:00:33]} 21. Bxe6 {[%emt 0:00:26]} fxe6 {[%emt 0:00:03]} 22. Nf3 {[%emt 0:00:01]} h6 {[%emt 0:00:05]} 23. Kf1 {[%emt 0:00:29]} Kf7 {[%emt 0:00:03]} 24. Ke2 {[%emt 0:00:01]} Kf6 {[%emt 0:00:01]} 25. a3 {[%emt 0:00:11]} g5 {[%emt 0:00:08]} 26. h3 {[%emt 0:00:06]} Rac8 {[%emt 0:00:11]} 27. Rc3 {[%emt 0:00:19]} Rxd1 {[%emt 0:00:05]} 28. Kxd1 {[%emt 0:00:02]} Rd8+ {[%emt 0:00:01]} 29. Ke2 {[%emt 0:00:02]} Rd5 {[%emt 0:00:06]} 30. Rb3 {[%emt 0:01:31]} Na5 {[%emt 0:00:33]} 31. Rd3 {[%emt 0:00:19]} 1/2-1/2

[Event "European Online Club-ch-E 2021"]
[Site "Online"]
[Date "2021.03.27"]
[Round "6.6"]
[White "Angun, Batu"]
[Black "Caglar, Sila"]
[Result "1-0"]
[WhiteElo "2326"]
[BlackElo "2250"]
[Annotator "NA"]
[PlyCount "101"]
[EventDate "2021.03.27"]
[EventType "team-tourn"]
[EventCountry "NET"]
[SourceTitle "playchess.com"]
[Source "ChessBase"]
[SourceQuality "1"]
[TimeControl "900+5"]

1. d4 {[%emt 0:00:00]} Nf6 {[%emt 0:00:05]} 2. c4 {[%emt 0:00:04]} e6 {[%emt 0:00:02]} 3. Nf3 {[%emt 0:00:03]} d5 {[%emt 0:00:04]} 4. Nc3 {[%emt 0:00:03]} dxc4 {[%emt 0:00:03]} 5. e4 {[%emt 0:00:06]} b5 {[%emt 0:00:07]} 6. e5 {[%emt 0:00:03]} Nd5 {[%emt 0:00:03]} 7. Nxb5 {[%emt 0:00:06]} Nb6 {[%emt 0:00:02]} 8. Be2 {[%emt 0:00:11]} Nc6 {[%emt 0:00:26]} 9. O-O {[%emt 0:00:20]} Be7 {[%emt 0:00:04]} 10. Nc3 {[%emt 0:00:21]} O-O {[%emt 0:00:37]} 11. Be3 {[%emt 0:00:19]} Bb7 {[%emt 0:00:44]} 12. Rc1 {[%emt 0:00:06]} Nb4 {[%emt 0:00:17]} 13. a3 {[%emt 0:00:48]} N4d5 {[%emt 0:00:05]} 14. Nxd5 {[%emt 0:00:03]} exd5 {[%emt 0:00:40]} 15. Qc2 {[%emt 0:00:29]} a5 {[%emt 0:00:41]} 16. Nd2 {[%emt 0:00:56]} Rc8 {[%emt 0:00:37]} 17. f4 {[%emt 0:00:47]} c5 {[%emt 0:00:15]} 18. Nf3 {[%emt 0:00:03]} Nd7 {[%emt 0:00:47]} 19. Rcd1 {[%emt 0:00:09]} cxd4 {[%emt 0:00:08]} 20. Nxd4 {[%emt 0:00:05]} Bc5 {[%emt 0:00:17]} 21. Bf3 {[%emt 0:00:49]} Qb6 {[%emt 0:00:43]} 22. Qf2 {[%emt 0:00:04]} Rfd8 {[%emt 0:00:37]} 23. Nf5 {[%emt 0:00:14]} Bxe3 {[%emt 0:00:11]} 24. Qxe3 {[%emt 0:00:04]} Qxe3+ {[%emt 0:00:10]} 25. Nxe3 {[%emt 0:00:02]} Nb6 {[%emt 0:00:27]} 26. Nf5 {[%emt 0:00:20]} Rc7 {[%emt 0:00:23]} 27. Rf2 {[%emt 0:00:16]} g6 {[%emt 0:00:26]} 28. Nd4 {[%emt 0:00:50]} Ba6 {[%emt 0:00:29]} 29. Rfd2 {[%emt 0:00:35]} c3 {[%emt 0:00:10]} 30. Rc2 {[%emt 0:00:03]} Na4 {[%emt 0:01:34]} 31. bxc3 {[%emt 0:00:25]} Nxc3 {[%emt 0:00:27]} 32. Rdc1 {[%emt 0:00:04]} Rdc8 {[%emt 0:00:04]} 33. Bg4 {[%emt 0:00:04]} Ne2+ {[%emt 0:01:14]} 34. Nxe2 {[%emt 0:00:07]} Rxc2 {[%emt 0:00:19]} 35. Bxc8 {[%emt 0:00:05]} Rxc1+ {[%emt 0:00:11]} 36. Nxc1 {[%emt 0:00:04]} Bxc8 {[%emt 0:00:02]} 37. Kf2 {[%emt 0:00:06]} f6 {[%emt 0:00:23]} 38. Ke3 {[%emt 0:00:09]} Bf5 {[%emt 0:00:39]} 39. Kd4 {[%emt 0:00:14]} Be4 {[%emt 0:00:02]} 40. g3 {[%emt 0:00:11]} Kf7 {[%emt 0:00:24]} 41. Nb3 {[%emt 0:00:15]} Ke6 {[%emt 0:00:20]} 42. Nc5+ {[%emt 0:01:49]} Ke7 {[%emt 0:00:46]} 43. Nxe4 {[%emt 0:00:09]} dxe4 {[%emt 0:00:03]} 44. Kxe4 {[%emt 0:00:02]} fxe5 {[%emt 0:00:02]} 45. fxe5 {[%emt 0:00:19]} Ke6 {[%emt 0:00:15]} 46. a4 {[%emt 0:00:16]} h6 {[%emt 0:00:09]} 47. h3 {[%emt 0:00:18]} Ke7 {[%emt 0:00:03]} 48. Kd5 {[%emt 0:00:04]} Kd7 {[%emt 0:00:04]} 49. e6+ {[%emt 0:00:04]} Ke7 {[%emt 0:00:06]} 50. Ke5 {[%emt 0:00:02]} Ke8 {[%emt 0:00:14]} 51. Kf6 {[%emt 0:00:05]} 1-0

[Event "European Online Club-ch-E 2021"]
[Site "Online"]
[Date "2021.03.27"]
[Round "6.7"]
[White "Kocyigit, Buse Naz"]
[Black "Ozenir, Ekin Baris"]
[Result "1/2-1/2"]
[WhiteElo "2143"]
[BlackElo "2309"]
[Annotator "NA"]
[PlyCount "83"]
[EventDate "2021.03.27"]
[EventType "team-tourn"]
[EventCountry "NET"]
[SourceTitle "playchess.com"]
[Source "ChessBase"]
[SourceQuality "1"]
[TimeControl "900+5"]

1. Nf3 {[%emt 0:00:00]} Nf6 {[%emt 0:00:05]} 2. d4 {[%emt 0:00:07]} b6 {[%emt 0:00:16]} 3. Bg5 {[%emt 0:00:37]} e6 {[%emt 0:00:52]} 4. e4 {[%emt 0:00:04]} h6 {[%emt 0:00:10]} 5. Bxf6 {[%emt 0:00:09]} Qxf6 {[%emt 0:00:04]} 6. Bd3 {[%emt 0:00:05]} Bb7 {[%emt 0:00:07]} 7. Nbd2 {[%emt 0:00:26]} Qd8 {[%emt 0:00:43]} 8. Qe2 {[%emt 0:00:19]} d6 {[%emt 0:00:11]} 9. a4 {[%emt 0:00:50]} Nd7 {[%emt 0:01:41]} 10. a5 {[%emt 0:00:32]} Rb8 {[%emt 0:00:58]} 11. O-O {[%emt 0:00:19]} Be7 {[%emt 0:00:05]} 12. e5 {[%emt 0:01:23]} Bxf3 {[%emt 0:01:02]} 13. Nxf3 {[%emt 0:00:18]} d5 {[%emt 0:00:41]} 14. axb6 {[%emt 0:01:10]} axb6 {[%emt 0:00:16]} 15. Bb5 {[%emt 0:00:42]} O-O {[%emt 0:01:43]} 16. Bc6 {[%emt 0:01:09]} b5 {[%emt 0:00:23]} 17. Bxb5 {[%emt 0:00:28]} c6 {[%emt 0:01:11]} 18. Bxc6 {[%emt 0:00:22]} Rxb2 {[%emt 0:00:05]} 19. Ba4 {[%emt 0:02:46]} Rb8 {[%emt 0:00:48]} 20. Rfb1 {[%emt 0:00:09]} Nb6 {[%emt 0:00:13]} 21. Bb3 {[%emt 0:00:08]} Qc7 {[%emt 0:00:26]} 22. Ra6 {[%emt 0:00:53]} Ra8 {[%emt 0:00:51]} 23. Rba1 {[%emt 0:00:28]} Rxa6 {[%emt 0:00:13]} 24. Rxa6 {[%emt 0:00:03]} Ra8 {[%emt 0:00:09]} 25. Rxa8+ {[%emt 0:00:08]} Nxa8 {[%emt 0:00:02]} 26. Qb5 {[%emt 0:00:12]} Nb6 {[%emt 0:00:31]} 27. h4 {[%emt 0:00:48]} Nc8 {[%emt 0:01:09]} 28. Qd3 {[%emt 0:00:50]} Bb4 {[%emt 0:00:39]} 29. Qb5 {[%emt 0:00:14]} Bf8 {[%emt 0:00:08]} 30. c4 {[%emt 0:00:50]} dxc4 {[%emt 0:00:04]} 31. Qxc4 {[%emt 0:00:15]} Qxc4 {[%emt 0:00:11]} 32. Bxc4 {[%emt 0:00:01]} Nb6 {[%emt 0:00:03]} 33. Bb3 {[%emt 0:00:04]} Be7 {[%emt 0:00:09]} 34. Kf1 {[%emt 0:00:15]} Kf8 {[%emt 0:00:03]} 35. Ke2 {[%emt 0:00:15]} Bb4 {[%emt 0:00:22]} 36. Kd3 {[%emt 0:00:10]} Ke7 {[%emt 0:00:27]} 37. g4 {[%emt 0:00:20]} Ba3 {[%emt 0:00:14]} 38. Ke4 {[%emt 0:00:07]} Nd7 {[%emt 0:00:11]} 39. Ba4 {[%emt 0:00:08]} Nb6 {[%emt 0:00:04]} 40. Bb3 {[%emt 0:00:01]} Nd7 {[%emt 0:00:01]} 41. Ba4 {[%emt 0:00:01]} Nb6 {[%emt 0:00:02]} 42. Bb3 {[%emt 0:00:10]} 1/2-1/2